| 000 | 00587cam a2200217 a 4500 | ||
|---|---|---|---|
| 001 | 2788570 | ||
| 005 | 20180115075116.0 | ||
| 008 | 811020s1981 dcua b 101 0 eng | ||
| 010 | _a 81019047 | ||
| 020 | _a0841206678 | ||
| 040 |
_aDLC _cDLC _dDLC |
||
| 041 | _aeng | ||
| 080 | _a616.994 | ||
| 082 | 0 | 0 |
_a616.994 SCA _219 |
| 100 | _a12 | ||
| 101 | _aKIM | ||
| 245 | 0 | 0 |
_aN-nitroso compounds / _cRichard A. Scanlan, editor, Steven R. Tannenbaum, editor. |
| 504 | _aIncludes bibliographies and index. | ||
| 906 |
_a7 _bcbc _corignew _d1 _eocip _f19 _gy-gencatlg |
||
| 942 |
_2ddc _cBK |
||
| 999 |
_c40291 _d40291 |
||